| 000 | 01907nam a2200457 a 4500 | ||
|---|---|---|---|
| 003 | BLK | ||
| 005 | 20230717134306.0 | ||
| 008 | 180408b bul|||||r ||||||| ||bul|| | ||
| 010 | _aKNG00099271000 | ||
| 020 | _a978-954-8190-81-7 | ||
| 040 | _aBLK | ||
| 041 |
_aBUL _cBUL |
||
| 072 | 7 |
_2bullib _aН70 _xИзкуства Н |
|
| 072 | 7 |
_2bullib _aК _xКраезнание |
|
| 072 | 7 |
_2bullib _aЯ _xАвтографи |
|
| 080 |
_aКуклен театър. Марионетен театър. Вж и 791.5 _b792.97 _x.03(497.215) _z792.97.03(497.215) |
||
| 100 | 1 |
_aКръстев, Никола _9372905 |
|
| 245 | 1 | 0 |
_aПо трудния път към сърцата на малките зрители _bЛетопис : Разказ за появата и развитието на кукленото изкуство в гр. Русе (1930-1959), спомени за артисти, режисьори, сценографи, композитори и др, рецензии и размисли за творческия път на Държавен куклен театър Русе (1960-2010 г.) _cНикола Кръстев. |
| 257 | _aBGR | ||
| 260 |
_bЛени-Ан _c2010 _aРусе |
||
| 300 |
_a336 с. _bс ил. _c22 см |
||
| 380 | _a7 | ||
| 650 | 4 |
_aКуклен театър - Русе _9267456 |
|
| 651 | 4 |
_aРусе _9179462 |
|
| 651 | 4 |
_aБългария _9241624 |
|
| 653 | _aкуклен театър | ||
| 653 | _aистория | ||
| 653 | _aРусе | ||
| 659 | _aК | ||
| 659 | _aН | ||
| 659 | _aЯ | ||
| 852 |
_aЦб 250680 _bЦб |
||
| 852 | _aК 792/К 92 Н | ||
| 856 | 4 | _qpdf | |
| 856 | 4 | _qpdf | |
| 942 |
_cKNG _n0 _01 _s1 |
||
| 944 |
_aCR _c03.02.2011 _k30542 _lРусанова Ирена |
||
| 944 |
_aED _c18.03.2016 _kЛюдмила_Стоянова |
||
| 999 |
_c94449 _d94449 |
||
| 999 | _d94449 | ||